[Event "HUN-chT2 Maroczy 1819"]
[Site "Hungary"]
[Date "2018.10.07"]
[Round "2.7"]
[White "Lyell, Mark"]
[Black "Bors, Tamas"]
[Result "1-0"]
[WhiteElo "2282"]
[BlackElo "2192"]
[PlyCount "81"]
[EventDate "2018.09.23"]
[EventType "team-tourn"]
[EventRounds "11"]
[EventCountry "HUN"]
[SourceTitle "EXT 2020"]
[Source "ChessBase"]
[SourceDate "2019.10.17"]
[SourceVersion "1"]
[SourceVersionDate "2019.10.17"]
[SourceQuality "1"]
[WhiteTeam "Budapest MTK"]
[BlackTeam "Taban Spartacus"]
[WhiteTeamCountry "HUN"]
[BlackTeamCountry "HUN"]

1. e4 c5 2. c3 e6 3. d4 cxd4 4. cxd4 d5 5. e5 Nc6 6. Nf3 Nge7 7. Na3 a6 8. Bd3 Nf5 9. Nc2 Bd7 10. 0-0 Qb6 11. Bd2 Be7 12. Bc3 h5 13. Qd2 g6 14. b4 Bf8 15. a4 Bh6 16. Qe2 Nce7 17. Bd2 Qd8 18. Bxh6 Nxh6 19. Ne3 Nef5 20. Rfc1 0-0 21. Nxf5 Nxf5 22. Bxf5 exf5 23. Rc5 Be6 24. Qd2 Kg7 25. Rac1 Rc8 26. h4 Qd7 27. a5 Rxc5 28. Rxc5 Rc8 29. Kh2 Rc6 30. Qc1 Rxc5 31. Qxc5 Kg8 32. Ng5 Kg7 33. Nh3 Qd8 34. g3 Qd7 35. Nf4 Kg8 36. Nd3 Qc6 37. Qxc6 bxc6 38. Kg2 Kg7 39. Kf3 f6 40. exf6+ Kxf6 41. Nc5 1-0

[Event "HUN-chT2 Maroczy 1718"]
[Site "Hungary"]
[Date "2017.12.03"]
[Round "3.6"]
[White "Varasdy, Imre"]
[Black "Bors, Tamas"]
[Result "1/2-1/2"]
[WhiteElo "2269"]
[BlackElo "2233"]
[PlyCount "61"]
[EventDate "2017.10.29"]
[EventType "team-tourn"]
[EventRounds "9"]
[EventCountry "HUN"]
[SourceTitle "EXT 2021"]
[Source "ChessBase"]
[SourceDate "2020.10.23"]
[SourceVersion "1"]
[SourceVersionDate "2020.10.23"]
[SourceQuality "1"]
[WhiteTeam "Toth Laszlo"]
[BlackTeam "Taban Spartacus"]
[WhiteTeamCountry "HUN"]
[BlackTeamCountry "HUN"]

1. d4 d5 2. c4 Nc6 3. Nf3 e5 4. dxe5 d4 5. a3 a5 6. Nbd2 Bc5 7. g3 Nge7 8. Bg2 Ng6 9. Qa4 Bd7 10. Qc2 0-0 11. 0-0 Ncxe5 12. Nxe5 Nxe5 13. Bxb7 Rb8 14. Bg2 Bg4 15. Ne4 Ba7 16. Bf4 Ng6 17. Bc1 Re8 18. h3 Bc8 19. Rd1 Qe7 20. c5 h6 21. Rxd4 f5 22. Nc3 Qxc5 23. Be3 Qf8 24. Rd3 Bxe3 25. Rxe3 Rxe3 26. fxe3 Qd6 27. Nd5 Qxg3 28. Qxc7 Qxc7 29. Nxc7 Rxb2 30. Kf2 Rc2 31. Nb5 1/2-1/2

[Event "HUN-chT2 Maroczy 1516"]
[Site "Hungary"]
[Date "2016.02.28"]
[Round "6.8"]
[White "Bors, Tamas"]
[Black "Hargittay, Szabolcs"]
[Result "1/2-1/2"]
[WhiteElo "2281"]
[BlackElo "2150"]
[PlyCount "51"]
[EventDate "2015.10.18"]
[EventType "team-tourn"]
[EventRounds "9"]
[EventCountry "HUN"]
[SourceTitle "EXT 2017"]
[Source "ChessBase"]
[SourceDate "2016.10.25"]
[SourceVersion "1"]
[SourceVersionDate "2016.10.25"]
[SourceQuality "1"]
[WhiteTeam "Magyar Sakkvilag"]
[BlackTeam "MLTC"]
[WhiteTeamCountry "HUN"]
[BlackTeamCountry "HUN"]

1. c4 c5 2. Nc3 b6 3. e4 d6 4. g3 Bb7 5. Bg2 e6 6. Nge2 a6 7. 0-0 Qc7 8. b3 Nf6 9. Bb2 Be7 10. d4 cxd4 11. Nxd4 Nbd7 12. Rc1 Rc8 13. f4 0-0 14. h3 Nc5 15. Qe2 Rfd8 16. f5 d5 17. e5 Nfe4 18. Nxe4 dxe4 19. fxe6 Nxe6 20. Nxe6 fxe6 21. Bxe4 Bc5+ 22. Kh1 Bxe4+ 23. Qxe4 Rd2 24. Rc2 Qd7 25. Bc3 Rd1 26. Rc1 1/2-1/2

[Event "HUN-chT2 Maroczy 1415"]
[Site "Hungary"]
[Date "2014.12.14"]
[Round "4"]
[White "Ondok, Laszlo"]
[Black "Bors, Tamas"]
[Result "1/2-1/2"]
[WhiteElo "2191"]
[BlackElo "2271"]
[PlyCount "40"]
[EventDate "2014.10.12"]
[EventType "team-tourn"]
[EventRounds "9"]
[EventCountry "HUN"]
[SourceTitle "EXT 2016"]
[Source "ChessBase"]
[SourceDate "2015.10.08"]
[SourceVersion "1"]
[SourceVersionDate "2015.10.08"]
[SourceQuality "1"]
[WhiteTeam "Kisujszallas"]
[BlackTeam "Magyar Sakkvilag"]
[WhiteTeamCountry "HUN"]
[BlackTeamCountry "HUN"]

1. e4 c5 2. Nf3 d6 3. d4 cxd4 4. Nxd4 Nf6 5. Nc3 a6 6. g3 e6 7. Bg2 Be7 8. 0-0 0-0 9. g4 Nc6 10. Nxc6 bxc6 11. e5 Nd5 12. exd6 Qxd6 13. Ne4 Qc7 14. c4 Nf4 15. Bxf4 Qxf4 16. Qf3 Qxf3 17. Bxf3 Rb8 18. b3 Bb7 19. Rad1 Rfd8 20. c5 a5 1/2-1/2

[Event "HUN-chT2 Charousek 1314"]
[Site "Hungary"]
[Date "2014.03.02"]
[Round "8"]
[White "Kadar, Gabor"]
[Black "Bors, Tamas"]
[Result "0-1"]
[WhiteElo "2107"]
[BlackElo "2283"]
[PlyCount "80"]
[EventDate "2013.09.08"]
[EventType "team-tourn"]
[EventRounds "11"]
[EventCountry "HUN"]
[SourceTitle "EXT 2016"]
[Source "ChessBase"]
[SourceDate "2015.10.08"]
[SourceVersion "1"]
[SourceVersionDate "2015.10.08"]
[SourceQuality "1"]
[WhiteTeam "Komlo Banyasz"]
[BlackTeam "Taban Spartacus"]
[WhiteTeamCountry "HUN"]
[BlackTeamCountry "HUN"]

1. Nf3 c5 2. c4 g6 3. g3 Bg7 4. Bg2 Nc6 5. 0-0 e5 6. Nc3 Nge7 7. d3 0-0 8. Rb1 d6 9. Nh4 h6 10. a3 a5 11. e3 Be6 12. f4 exf4 13. exf4 Rb8 14. Nd5 Nd4 15. Bd2 Nxd5 16. cxd5 Bd7 17. Bc3 Re8 18. Re1 Qc7 19. Qd2 a4 20. Nf3 Bg4 21. Nxd4 cxd4 22. Bb4 Qb6 23. h3 Bd7 24. Ba5 Qa6 25. Bb4 Bb5 26. Bf1 Qb6 27. Ba5 Qc5 28. Qb4 Qxd5 29. Bg2 Qf5 30. Bc7 Rbc8 31. Qxd6 Qxd3 32. f5 Bf8 33. Qb6 Qxf5 34. Bxb7 Rxe1+ 35. Rxe1 Re8 36. Rxe8 Bxe8 37. g4 Qb1+ 38. Kh2 Qc2+ 39. Bg2 d3 40. Qb8 Bc6 0-1

[Event "HUN-chT2 Charousek 1314"]
[Site "Hungary"]
[Date "2013.09.22"]
[Round "2"]
[White "Soponyai, Andras"]
[Black "Bors, Tamas"]
[Result "0-1"]
[WhiteElo "1996"]
[BlackElo "2283"]
[PlyCount "74"]
[EventDate "2013.09.08"]
[EventType "team-tourn"]
[EventRounds "11"]
[EventCountry "HUN"]
[SourceTitle "EXT 2016"]
[Source "ChessBase"]
[SourceDate "2015.10.08"]
[SourceVersion "1"]
[SourceVersionDate "2015.10.08"]
[SourceQuality "1"]
[WhiteTeam "Szombathely Haladas II"]
[BlackTeam "Taban Spartacus"]
[WhiteTeamCountry "HUN"]
[BlackTeamCountry "HUN"]

1. e4 c5 2. Nf3 d6 3. d4 cxd4 4. Nxd4 Nf6 5. Nc3 a6 6. Be2 e5 7. Nb3 Be7 8. Bg5 0-0 9. Qd2 Be6 10. 0-0-0 Nbd7 11. f3 b5 12. g4 b4 13. Na4 a5 14. Bb5 Qc7 15. h4 Rfd8 16. Kb1 Rab8 17. Qe2 Rdc8 18. Rd2 Qb7 19. Ba6 Qc6 20. Bxc8 Rxc8 21. Be3 Qxa4 22. Qa6 Nc5 23. Bxc5 dxc5 24. g5 Nh5 25. Rhd1 Qe8 26. Qxa5 g6 27. Nc1 Nf4 28. Ne2 Nxe2 29. Rxe2 Ra8 30. Qc7 Bxa2+ 31. Kc1 Bc4 32. Ree1 Bf8 33. b3 Be6 34. Kb2 c4 35. bxc4 Rc8 36. Qb6 Bxc4 37. Rd2 Bc5 0-1

[Event "HUN-chT2 Maroczy 1213"]
[Site "Hungary"]
[Date "2012.12.02"]
[Round "5"]
[White "Mate, Balazs"]
[Black "Bors, Tamas"]
[Result "1/2-1/2"]
[WhiteElo "2140"]
[BlackElo "2283"]
[PlyCount "52"]
[EventDate "2012.09.16"]
[EventType "team-tourn"]
[EventRounds "11"]
[EventCountry "HUN"]
[SourceTitle "EXT 2014"]
[Source "ChessBase"]
[SourceDate "2013.11.20"]
[SourceVersion "1"]
[SourceVersionDate "2013.11.20"]
[SourceQuality "1"]
[WhiteTeam "Hajduszoboszlo"]
[BlackTeam "Taban Spartacus"]
[WhiteTeamCountry "HUN"]
[BlackTeamCountry "HUN"]

1. d4 Nf6 2. c4 g6 3. g3 Bg7 4. Bg2 0-0 5. Nc3 d6 6. Nf3 Nc6 7. 0-0 Bf5 8. d5 Na5 9. Nd4 Bd7 10. b3 c5 11. dxc6 bxc6 12. Bb2 Rb8 13. Qd2 Qc7 14. Rac1 Rfd8 15. Rfd1 e5 16. Nf3 Be6 17. Ba1 Nb7 18. Ng5 Bf5 19. Nge4 Nxe4 20. Nxe4 Bxe4 21. Bxe4 Nc5 22. Bg2 Ne6 23. Bc3 Rd7 24. e3 f5 25. Ba5 Qc8 26. Bb4 Bf8 1/2-1/2

[Event "HUN-chT2 Maroczy 1213"]
[Site "Hungary"]
[Date "2012.09.16"]
[Round "1"]
[White "Mokcsay, Robert"]
[Black "Bors, Tamas"]
[Result "1/2-1/2"]
[WhiteElo "2273"]
[BlackElo "2283"]
[PlyCount "88"]
[EventDate "2012.09.16"]
[EventType "team-tourn"]
[EventRounds "11"]
[EventCountry "HUN"]
[SourceTitle "EXT 2014"]
[Source "ChessBase"]
[SourceDate "2013.11.20"]
[SourceVersion "1"]
[SourceVersionDate "2013.11.20"]
[SourceQuality "1"]
[WhiteTeam "Roeszke"]
[BlackTeam "Taban Spartacus"]
[WhiteTeamCountry "HUN"]
[BlackTeamCountry "HUN"]

1. c4 e5 2. Nc3 d6 3. e4 Nc6 4. d3 g6 5. g3 Bg7 6. Bg2 Nd4 7. Nge2 Ne7 8. 0-0 0-0 9. Nxd4 exd4 10. Ne2 f5 11. Bg5 c6 12. Qd2 Qc7 13. Bh6 c5 14. Bxg7 Kxg7 15. Nf4 Bd7 16. Rae1 Rae8 17. Re2 fxe4 18. Rxe4 Bf5 19. Rfe1 Qd7 20. Ne6+ Bxe6 21. Rxe6 Nc6 22. Bh3 Rxe6 23. Rxe6 Qd8 24. Qe2 Rf7 25. Bg2 Qd7 26. Bxc6 Qxc6 27. f4 a6 28. h4 b5 29. b3 bxc4 30. bxc4 Rb7 31. Qe5+ dxe5 32. Rxc6 exf4 33. gxf4 Rf7 34. Rxc5 Rxf4 35. h5 Rf3 36. hxg6 hxg6 37. Ra5 Rxd3 38. Rxa6 Rc3 39. Rc6 Rc1+ 40. Kf2 Rc2+ 41. Kf3 Rxa2 42. Ke4 Rd2 43. Rd6 Kf7 44. c5 d3 1/2-1/2

[Event "HUN-chT2 Maroczy 1112"]
[Site "Hungary"]
[Date "2011.11.13"]
[Round "3"]
[White "Teglas, Balazs"]
[Black "Bors, Tamas"]
[Result "0-1"]
[WhiteElo "2207"]
[BlackElo "2277"]
[PlyCount "84"]
[EventDate "2011.09.25"]
[EventType "team-tourn"]
[EventRounds "11"]
[EventCountry "HUN"]
[SourceTitle "EXT 2013"]
[Source "ChessBase"]
[SourceDate "2012.11.22"]
[SourceVersion "1"]
[SourceVersionDate "2012.11.22"]
[SourceQuality "1"]
[WhiteTeam "Lila Futo"]
[BlackTeam "Taban Spartacus"]
[WhiteTeamCountry "HUN"]
[BlackTeamCountry "HUN"]

1. d4 d5 2. Bf4 Nf6 3. e3 e6 4. Nd2 Bd6 5. Bg3 0-0 6. Bd3 c5 7. c3 Nc6 8. Ngf3 b6 9. Ne5 Bb7 10. f4 Ne7 11. Qb1 g6 12. Bh4 Nf5 13. Bxf6 Qxf6 14. 0-0 Nxe3 15. Rf3 cxd4 16. Nd7 Qg7 17. Nxf8 Rxf8 18. cxd4 Nf5 19. Kh1 Nxd4 20. Rf1 Qh6 21. g3 e5 22. fxe5 Bxe5 23. Qe1 Bd6 24. Qf2 Ne6 25. Rae1 Nc5 26. Re8 f5 27. Rxf8+ Qxf8 28. Bc2 Qf6 29. b4 Ne4 30. Nxe4 dxe4 31. Bb3+ Kg7 32. Qe2 Bxb4 33. Rd1 e3+ 34. Kg1 Bd2 35. Rxd2 exd2 36. Qxd2 Bc6 37. Kf2 g5 38. Bd5 Bb5 39. Qb4 Bd7 40. Qd2 Kg6 41. Bf3 Be6 42. Bd5 Qd8 0-1

[Event "HUN-chT 1011"]
[Site "Hungary"]
[Date "2011.04.17"]
[Round "9"]
[White "Bors, Tamas"]
[Black "Varadi, Viktor"]
[Result "1-0"]
[WhiteElo "2253"]
[BlackElo "2402"]
[PlyCount "101"]
[EventDate "2010.10.10"]
[EventType "team-tourn"]
[EventRounds "11"]
[EventCountry "HUN"]
[SourceTitle "EXT 2012"]
[Source "ChessBase"]
[SourceDate "2011.11.24"]
[SourceVersion "1"]
[SourceVersionDate "2011.11.24"]
[SourceQuality "1"]
[WhiteTeam "Taban Spartacus"]
[BlackTeam "Kazincbarcika"]
[WhiteTeamCountry "HUN"]
[BlackTeamCountry "HUN"]

1. c4 Nf6 2. g3 c5 3. Bg2 d5 4. cxd5 Nxd5 5. Nc3 Nc7 6. Qa4+ Bd7 7. Qb3 Nc6 8. Qxb7 Nd4 9. Rb1 Rb8 10. Qxa7 e5 11. d3 Ncb5 12. Nxb5 Nxb5 13. Qa6 c4 14. Bd2 Na3 15. Rd1 Rxb2 16. Bc6 Rxa2 17. Bxd7+ Qxd7 18. Qa8+ Qd8 19. Qxd8+ Kxd8 20. dxc4 Nxc4 21. Bg5+ Kc7 22. Rc1 Ra4 23. Nf3 Ba3 24. Rc2 Bd6 25. 0-0 Kd7 26. Rd1 Ke6 27. Rdc1 Na3 28. Rc6 f6 29. Be3 Rd8 30. Nd2 Kf7 31. Nb3 Be7 32. Rc7 Nb5 33. Rb7 Nd6 34. Rbc7 Ra3 35. Nc5 Nb5 36. Rb7 Nd6 37. Rc7 Nb5 38. Rb7 Nc3 39. Rc2 Nd1 40. Nd3 Nxe3 41. fxe3 Ke6 42. Rcc7 Bf8 43. e4 Ra6 44. Kf2 f5 45. exf5+ Kxf5 46. Rb5 Re8 47. Kf3 h5 48. Nf4 h4 49. gxh4 Re7 50. e4+ Kf6 51. Nd5+ 1-0

[Event "HUN-chT 0809"]
[Site "Hungary"]
[Date "2009.04.05"]
[Round "10"]
[White "Kahn, Evarth"]
[Black "Bors, Tamas"]
[Result "0-1"]
[WhiteElo "2297"]
[BlackElo "2261"]
[PlyCount "150"]
[EventDate "2008.10.26"]
[EventType "team-tourn"]
[EventRounds "11"]
[EventCountry "HUN"]
[SourceTitle "EXT 2010"]
[Source "ChessBase"]
[SourceDate "2010.11.25"]
[SourceVersion "1"]
[SourceVersionDate "2010.11.25"]
[SourceQuality "1"]
[WhiteTeam "Budapest MTK"]
[BlackTeam "Taban Spartacus"]
[WhiteTeamCountry "HUN"]
[BlackTeamCountry "HUN"]

1. d4 d5 2. c4 Nc6 3. Nc3 Nf6 4. cxd5 Nxd5 5. e4 Nxc3 6. bxc3 e5 7. d5 Nb8 8. Be3 Bd6 9. Bb5+ Nd7 10. Nf3 0-0 11. 0-0 Qe7 12. Nd2 Nc5 13. Be2 f5 14. exf5 Bxf5 15. Nb3 Ne4 16. Qe1 b6 17. f3 Nf6 18. c4 Kh8 19. Rd1 a5 20. c5 bxc5 21. Qc3 Qf7 22. Bc4 e4 23. f4 Ng4 24. Bxc5 a4 25. Bxd6 cxd6 26. Nd4 Rac8 27. Nc6 Bd7 28. Qd4 Rfe8 29. Ba6 Rc7 30. Qb6 Bxc6 31. dxc6 d5 32. h3 Nf6 33. Bb5 a3 34. Qc5 Ra8 35. Rb1 h6 36. g4 Qe6 37. Rb3 Re8 38. g5 hxg5 39. fxg5 Nh7 40. Rg3 Qe5 41. Rg4 Nxg5 42. Rf8+ Rxf8 43. Qxf8+ Kh7 44. Be2 Rxc6 45. Qxa3 Rh6 46. h4 Ne6 47. Qe7 Qa1+ 48. Kh2 Qxa2 49. Rg2 Qa1 50. Bg4 Qf6 51. Qxf6 Rxf6 52. Rd2 Nf4 53. Kg3 Kh6 54. Rd4 g5 55. hxg5+ Kxg5 56. Ra4 Rb6 57. Bd1 Kf5 58. Ra8 Rg6+ 59. Kf2 Ke5 60. Ra5 Nh3+ 61. Ke3 Rg3+ 62. Ke2 e3 63. Ra8 Nf4+ 64. Kf1 Rh3 65. Kg1 d4 66. Rd8 d3 67. Re8+ Kd4 68. Ba4 Kc3 69. Bb5 Kd2 70. Ra8 Rg3+ 71. Kh2 Rg2+ 72. Kh1 e2 73. Ra2+ Ke3 74. Ra1 Rg5 75. Ba6 Kf2 0-1

[Event "HUN-chT 0809"]
[Site "Hungary"]
[Date "2008.10.26"]
[Round "1"]
[White "Bors, Tamas"]
[Black "Veszpremi, Andras"]
[Result "1-0"]
[WhiteElo "2261"]
[BlackElo "2219"]
[PlyCount "95"]
[EventDate "2008.10.26"]
[EventType "team-tourn"]
[EventRounds "11"]
[EventCountry "HUN"]
[SourceTitle "CBM 127 Extra"]
[Source "ChessBase"]
[SourceDate "2009.01.08"]
[SourceVersion "2"]
[SourceVersionDate "2009.01.28"]
[SourceQuality "1"]
[WhiteTeam "Taban Spartacus"]
[BlackTeam "Decs"]
[WhiteTeamCountry "HUN"]
[BlackTeamCountry "HUN"]

1. c4 e5 2. g3 Nf6 3. Bg2 Bc5 4. e3 Nc6 5. Nc3 0-0 6. a3 a5 7. Nge2 Re8 8. 0-0 d6 9. d3 Bg4 10. h3 Bd7 11. Kh2 Qc8 12. d4 Bb6 13. d5 Nb8 14. e4 Na6 15. Rb1 Nc5 16. b4 axb4 17. axb4 Na4 18. Nxa4 Bxa4 19. Qd3 Bd7 20. Bb2 Ra4 21. Bc3 c5 22. f4 cxb4 23. Rxb4 Rxb4 24. Bxb4 Bc5 25. Bc3 Qc7 26. g4 Ra8 27. g5 Ne8 28. Qf3 Ba4 29. Kh1 Bd4 30. fxe5 Bxe5 31. Nd4 b5 32. c5 b4 33. Ba1 Bxd4 34. Bxd4 Bb5 35. cxd6 Nxd6 36. Rb1 Qc4 37. Be5 Ra3 38. Qf4 Ne8 39. Rc1 Qa2 40. Bd4 Rd3 41. Qe5 Rxd4 42. Qxd4 b3 43. Qb4 b2 44. Rg1 Bd7 45. Qb7 Ba4 46. e5 Bb3 47. Rf1 f5 48. e6 1-0

[Event "HUN-chT2 Charousek 0708"]
[Site "Hungary"]
[Date "2008.03.02"]
[Round "7"]
[White "Bors, Tamas"]
[Black "Remete, Zsuzsa"]
[Result "1-0"]
[WhiteElo "2251"]
[BlackElo "2116"]
[PlyCount "49"]
[EventDate "2007.10.14"]
[EventType "team"]
[EventRounds "11"]
[EventCountry "HUN"]
[SourceTitle "EXT 2009"]
[Source "ChessBase"]
[SourceDate "2008.11.26"]
[SourceVersion "1"]
[SourceVersionDate "2008.11.26"]
[SourceQuality "1"]
[WhiteTeam "Taban Spartacus"]
[BlackTeam "Haladas II"]
[WhiteTeamCountry "HUN"]
[BlackTeamCountry "HUN"]

1. c4 Nf6 2. g3 e6 3. Bg2 d5 4. Nf3 Be7 5. 0-0 0-0 6. b3 c6 7. Qc2 a5 8. Bb2 Na6 9. Nc3 Rb8 10. d4 c5 11. e3 Bd7 12. Ne5 cxd4 13. exd4 Rc8 14. Qe2 Bc6 15. Nxc6 Rxc6 16. Rfd1 Re8 17. Rac1 Bb4 18. Na4 Nb8 19. c5 e5 20. dxe5 Nbd7 21. Qb5 Nxe5 22. a3 Bxa3 23. Bxa3 Rce6 24. Qxb7 Neg4 25. c6 1-0